[Event "XX Festival A"]
[Site "Campobasso ITA"]
[Date "2013.08.04"]
[Round "6"]
[White "Aleksic, Nenad"]
[Black "Zinnai, Graziano Matteo"]
[WhiteElo "2357"]
[BlackElo "2021"]
[Result "1-0"]
[PlyCount "67"]
[EventDate "2013.08.02"]

1. e4 e6 2. Nf3 d5 3. Nc3 Nf6 4. e5 Nfd7 5. d4 c5 6. dxc5 Bxc5 7. Bd3 Nc6 8.
Bf4 f6 9. exf6 Nxf6 10. O-O O-O 11. Ne5 Nxe5 12. Bxe5 Bd6 13. Qe2 Bxe5 14. Qxe5
Bd7 15. Rae1 Qb6 16. h3 Rac8 17. b3 Qc7 18. Nb1 Qxe5 19. Rxe5 Ne4 20. Bxe4 dxe4
21. c4 Bc6 22. Nc3 Rf5 23. Rxe6 Kf7 24. Rd6 Ke7 25. Rd4 Rd8 26. Rxd8 Kxd8 27.
Re1 Re5 28. f3 e3 29. Nd1 e2 30. Nc3 Re3 31. Nxe2 Bxf3 32. gxf3 Rxf3 33. Rd1+
Ke7 34. Kg2 1-0

[Event "XX Festival A"]
[Site "Campobasso ITA"]
[Date "2013.08.04"]
[Round "6"]
[White "Buiano, Fabio"]
[Black "Baltzopoulos, Giorgos"]
[WhiteElo "2025"]
[BlackElo "1950"]
[Result "0-1"]
[PlyCount "56"]
[EventDate "2013.08.02"]

1. e4 e5 2. Nf3 Nc6 3. Bc4 Nf6 4. d4 exd4 5. e5 d5 6. Bb5 Ne4 7. Nxd4 Bd7 8.
Bxc6 bxc6 9. O-O Bc5 10. f3 Ng5 11. f4 Ne4 12. Be3 Qb8 13. Nd2 Nxd2 14. Qxd2
Qxb2 15. f5 O-O 16. Rab1 Qa3 17. f6 Rfe8 18. Rb3 Qa4 19. Ne6 Bxe3+ 20. Qxe3
Bxe6 21. Rf4 Qa5 22. Rf2 Kh8 23. fxg7+ Kg8 24. Qg5 Rab8 25. h3 Rxb3 26. axb3
Qe1+ 27. Rf1 Qe4 28. Qf6 Qxc2 0-1

[Event "XX Festival A"]
[Site "Campobasso ITA"]
[Date "2013.08.04"]
[Round "6"]
[White "Chiaretti, Roberto"]
[Black "Radice, Mario"]
[WhiteElo "2212"]
[BlackElo "1910"]
[Result "1-0"]
[PlyCount "79"]
[EventDate "2013.08.02"]

1. e4 e5 2. d4 exd4 3. Nf3 d5 4. Qxd4 dxe4 5. Qxd8+ Kxd8 6. Ng5 Be6 7. Nc3 Bb4
8. Bd2 Nf6 9. O-O-O Nbd7 10. Ncxe4 Nxe4 11. Nxe4 Bxd2+ 12. Rxd2 Ke7 13. Ng5
Rad8 14. Nxe6 Kxe6 15. Bc4+ Kf6 16. Rhd1 Ke7 17. Bxf7 Ne5 18. Rxd8 Rxd8 19.
Rxd8 Kxd8 20. Bd5 c6 21. Be4 h6 22. f4 Nc4 23. Bd3 Ne3 24. g3 Ke7 25. Kd2 Nd5
26. Be4 Nf6 27. Bf3 Kd6 28. Ke3 Kc5 29. g4 Nd7 30. h4 Kd6 31. Be4 Nf6 32. g5
hxg5 33. fxg5 Nd7 34. Kf4 Ke7 35. h5 Nf8 36. Bf5 Kf7 37. Ke5 Ke7 38. c4 c5 39.
Kd5 b6 40. Kc6 1-0

[Event "XX Festival A"]
[Site "Campobasso ITA"]
[Date "2013.08.04"]
[Round "6"]
[White "Franciosi, Claudio"]
[Black "Chicco, Giancarlo"]
[WhiteElo "1727"]
[BlackElo "1562"]
[Result "1-0"]
[PlyCount "109"]
[EventDate "2013.08.02"]

1. e4 b6 2. d4 Bb7 3. Nc3 g6 4. Bc4 e6 5. a3 Bg7 6. Nf3 d6 7. O-O Ne7 8. Re1
Nd7 9. Ng5 h6 10. Nf3 O-O 11. e5 a6 12. exd6 cxd6 13. Qe2 Bxf3 14. Qxf3 d5 15.
Bd3 Nc6 16. Ne2 b5 17. c3 Na5 18. Rb1 Rb8 19. Ng3 Nc6 20. Nf1 a5 21. Bf4 Rb7
22. Qh3 Kh7 23. Qg3 Nf6 24. Qf3 Nh5 25. Qxh5 a4 26. Ne3 Na5 27. Ng4 f5 28. Qh3
fxg4 29. Qxg4 Qf6 30. Bg3 Re8 31. h4 Kg8 32. Be5 h5 33. Qg3 Qe7 34. Qxg6 Nc4
35. Bxc4 bxc4 36. Bxg7 Qf7 37. Qxf7+ Kxf7 38. Be5 Rg8 39. Re3 Rg4 40. Rg3 Rxg3
41. Bxg3 Kf6 42. Bd6 Kf5 43. Bb4 e5 44. dxe5 Kxe5 45. Re1+ Kf5 46. g3 Rd7 47.
f4 d4 48. cxd4 Rxd4 49. Re5+ Kg4 50. Bc3 Rd3 51. Kf2 Rd1 52. Rg5+ Kh3 53. Rc5
Rd8 54. Rxc4 Ra8 55. f5 1-0

[Event "XX Festival A"]
[Site "Campobasso ITA"]
[Date "2013.08.04"]
[Round "6"]
[White "Franciosi, Fausto"]
[Black "Naumkin, Igor"]
[WhiteElo "2084"]
[BlackElo "2445"]
[Result "1/2-1/2"]
[PlyCount "77"]
[EventDate "2013.08.02"]

1. d4 Nf6 2. c4 e6 3. Nf3 b6 4. a3 Bb7 5. Nc3 d5 6. Bg5 Be7 7. Bxf6 Bxf6 8.
cxd5 exd5 9. Qa4+ Nd7 10. g3 c6 11. Bg2 O-O 12. O-O Be7 13. Rfd1 f5 14. b4 a6
15. Qb3 Kh8 16. a4 b5 17. axb5 axb5 18. Ne1 Rxa1 19. Rxa1 f4 20. Nd3 fxg3 21.
hxg3 Bd6 22. e4 dxe4 23. Nxe4 Bb8 24. Ndc5 Nxc5 25. dxc5 Qe7 26. Rd1 Bc8 27.
Qe3 Bg4 28. Rd2 Be5 29. Nd6 h5 30. Bxc6 Qf6 31. Bg2 Bc3 32. Rd5 Bxb4 33. Nxb5
Qa1+ 34. Kh2 Qb2 35. f4 Ba5 36. Nd6 Qa2 37. Nf7+ Kg8 38. Ne5 Be6 39. Rd6
1/2-1/2

[Event "XX Festival A"]
[Site "Campobasso ITA"]
[Date "2013.08.04"]
[Round "6"]
[White "Lazic, Miroljub"]
[Black "Laketic, Gojko"]
[WhiteElo "2457"]
[BlackElo "2419"]
[Result "0-1"]
[PlyCount "83"]
[EventDate "2013.08.02"]

1. e4 d6 2. d4 Nf6 3. Nc3 g6 4. g3 Bg7 5. Bg2 O-O 6. h3 e5 7. Nge2 Nc6 8. Be3
Bd7 9. O-O exd4 10. Nxd4 Re8 11. Re1 a6 12. Nxc6 Bxc6 13. Bd4 Qe7 14. Qd2 Qf8
15. Re2 Nd7 16. Rae1 Bxd4 17. Qxd4 Qg7 18. Qd2 Rac8 19. f4 Nc5 20. b4 Ne6 21.
Kh2 Qd4 22. f5 Qxd2 23. Rxd2 Nf8 24. Nd5 Bxd5 25. Rxd5 Nd7 26. g4 Nb6 27. Rd4
Re5 28. Kg3 g5 29. Red1 Kg7 30. a3 Nd7 31. c4 b6 32. h4 h6 33. hxg5 hxg5 34.
Rh1 Nf6 35. Bf3 a5 36. Re1 axb4 37. axb4 Ra8 38. Re3 Ra1 39. Rb3 Kf8 40. Kf2
Ke7 41. Rb2 Ra4 42. b5 0-1

[Event "XX Festival A"]
[Site "Campobasso ITA"]
[Date "2013.08.04"]
[Round "6"]
[White "Ljubisavljevic, Zivojin Z."]
[Black "Altini, Nicola"]
[WhiteElo "2219"]
[BlackElo "2347"]
[Result "0-1"]
[PlyCount "112"]
[EventDate "2013.08.02"]

1. d4 d5 2. c3 Nf6 3. Bf4 e6 4. e3 c5 5. Bxb8 Rxb8 6. f4 Bd6 7. g3 O-O 8. Nf3
b5 9. a3 b4 10. axb4 cxb4 11. Bd3 bxc3 12. bxc3 a5 13. O-O Ne4 14. Nfd2 f5 15.
Nxe4 fxe4 16. Be2 Bd7 17. c4 Bb4 18. c5 g5 19. Qc2 gxf4 20. gxf4 Kh8 21. Kh1
Qh4 22. Ba6 Qh3 23. Qf2 e5 24. dxe5 Bxc5 25. Re1 Bg4 26. Bf1 Bf3+ 27. Bg2 Rxf4
28. Nc3 Bxg2+ 29. Qxg2 Qxg2+ 30. Kxg2 Rg4+ 31. Kh1 d4 32. exd4 Bxd4 33. Rac1
Rc8 34. Ne2 Rxc1 35. Rxc1 Bxe5 36. Rc5 Bd6 37. Rxa5 Rh4 38. Nc3 e3 39. Ra2 Be5
40. Nd5 Bxh2 41. Kg2 Be5 42. Ra8+ Kg7 43. Nxe3 Rb4 44. Rc8 Bb8 45. Kf3 Rf4+ 46.
Kg2 Rb4 47. Kf3 h5 48. Rc4 Rb1 49. Kg2 Kg6 50. Rc8 Rb7 51. Nf1 Bf4 52. Rc2 h4
53. Rf2 h3+ 54. Kh1 Kf5 55. Kg1 Rb1 56. Kh1 Kg4 0-1

[Event "XX Festival A"]
[Site "Campobasso ITA"]
[Date "2013.08.04"]
[Round "6"]
[White "Mininni, Saverio"]
[Black "Grasso, Nino"]
[WhiteElo "1491"]
[BlackElo "2038"]
[Result "1-0"]
[PlyCount "79"]
[EventDate "2013.08.02"]

1. e4 e5 2. Nf3 Nc6 3. Bb5 a6 4. Ba4 Nf6 5. Bxc6 dxc6 6. d3 Bd6 7. Bg5 h6 8.
Be3 c5 9. a3 b5 10. O-O O-O 11. Nc3 Be6 12. h3 Qd7 13. Nh2 c4 14. f4 exf4 15.
Bxf4 Bxf4 16. Rxf4 Qd4+ 17. Kh1 Qe5 18. Qf1 Nh5 19. Rf3 Ng3+ 20. Rxg3 Qxg3 21.
d4 f5 22. e5 Rad8 23. Ne2 Qg5 24. c3 Qe3 25. Re1 Qd2 26. Nf4 Qxb2 27. Nxe6 Qxc3
28. Nxf8 Rxf8 29. e6 Qxa3 30. e7 Re8 31. Qxf5 Rxe7 32. Qd5+ Kh7 33. Rf1 Qd6 34.
Qf5+ g6 35. Qf8 Rg7 36. Qe8 Qe7 37. Qa8 Rf7 38. Nf3 Rf6 39. Re1 Re6 40. Ne5 1-0

[Event "XX Festival A"]
[Site "Campobasso ITA"]
[Date "2013.08.04"]
[Round "6"]
[White "Ristic, Nenad"]
[Black "Lombardi, Vincenzo Angelo"]
[WhiteElo "2437"]
[BlackElo "1920"]
[Result "1-0"]
[PlyCount "63"]
[EventDate "2013.08.02"]

1. Nf3 Nf6 2. d4 g6 3. Nc3 d5 4. Bf4 c6 5. Qd2 Bg7 6. Bh6 O-O 7. h4 Bxh6 8.
Qxh6 Ng4 9. Qd2 h5 10. e4 Kg7 11. O-O-O dxe4 12. Nxe4 Nd7 13. Nfg5 Ndf6 14. f3
Nh6 15. g4 hxg4 16. h5 Rh8 17. hxg6 Nxe4 18. fxe4 f6 19. Rxh6 fxg5 20. Rxh8
Qxh8 21. Bd3 Kxg6 22. Rf1 e5 23. Qb4 Be6 24. Qd6 Re8 25. d5 g3 26. dxe6 g2 27.
e7+ Kh5 28. Rg1 Kg4 29. Rxg2+ Kf4 30. Rg1 g4 31. Qg6 Qh3 32. Qf6+ 1-0

[Event "XX Festival A"]
[Site "Campobasso ITA"]
[Date "2013.08.04"]
[Round "6"]
[White "Santeramo, Domenico"]
[Black "Ambrosone, Antonio"]
[WhiteElo "2059"]
[BlackElo "1901"]
[Result "1/2-1/2"]
[PlyCount "76"]
[EventDate "2013.08.02"]

1. e4 Nf6 2. e5 Nd5 3. Nc3 e6 4. Qf3 Nb4 5. Qd1 d5 6. a3 N4a6 7. d4 c5 8. Nce2
Bd7 9. c3 Be7 10. Nf3 c4 11. Ng3 Nc6 12. Nd2 O-O 13. f4 f5 14. exf6 Bxf6 15.
Nf3 Na5 16. Rb1 Be8 17. Be3 Bg6 18. Ra1 Nb3 19. Ra2 Nc7 20. Be2 Qd7 21. O-O b5
22. Nd2 Nxd2 23. Bxd2 Ne8 24. Ra1 Nd6 25. Nh1 Ne4 26. Nf2 Be7 27. Bf3 Nxf2 28.
Rxf2 a5 29. Qe1 Rab8 30. Re2 Rb6 31. Re5 Bf6 32. Re3 Bd8 33. g3 Bf6 34. Qf2 b4
35. axb4 axb4 36. Rae1 Ra8 37. Qe2 Bd3 38. Qd1 g6 1/2-1/2

[Event "XX Festival A"]
[Site "Campobasso ITA"]
[Date "2013.08.04"]
[Round "6"]
[White "Vena, Alessio"]
[Black "Ciampi, Vincenzo"]
[WhiteElo "1918"]
[BlackElo "2123"]
[Result "0-1"]
[PlyCount "128"]
[EventDate "2013.08.02"]

1. e4 c5 2. Nf3 d6 3. g3 Nc6 4. Bg2 g6 5. c3 Nf6 6. d3 Bg7 7. O-O O-O 8. Re1
Rb8 9. h3 b6 10. d4 cxd4 11. cxd4 d5 12. exd5 Nxd5 13. Nc3 Nxc3 14. bxc3 Bb7
15. Ba3 Re8 16. Rc1 Na5 17. Qe2 e6 18. Red1 Rc8 19. c4 Ba6 20. Nd2 Qd7 21. Bb4
Nc6 22. Bc3 Nxd4 23. Bxd4 Bxd4 24. Ne4 Kg7 25. Qf3 f5 26. Ng5 e5 27. Qd5 Rcd8
28. Qxd7+ Rxd7 29. Bc6 Rde7 30. Bxe8 Rxe8 31. Nf3 Rd8 32. Nxe5 Bb7 33. Nd3 Be4
34. Nf4 Kf7 35. Ne2 Bf6 36. Rxd8 Bxd8 37. f4 Be7 38. Kh2 Bc5 39. g4 Bd3 40. Nc3
Be3 41. Rd1 Bxf4+ 42. Kg2 Bxc4 43. Rd7+ Ke6 44. Rxa7 Be5 45. gxf5+ Kxf5 46. Nd1
Kf4 47. Rd7 Bxa2 48. Nf2 Kf5 49. Nd3 Bf6 50. Rxh7 Bd5+ 51. Kg3 Bc4 52. Nb4 b5
53. Nc2 Ke4 54. Rd7 Bc3 55. Na3 Be5+ 56. Kf2 Bd4+ 57. Kg3 Kd3 58. Nxc4 bxc4 59.
Kg4 c3 60. Rc7 c2 61. Kg5 Bc3 62. Rd7+ Ke2 63. Re7+ Kf2 64. Rf7+ Kg2 0-1